Home Print Resources E-Books E-Journals IIMT Lecture Series Library Membership Form Book Recommendation Form Campus Tour Take AdmissionAbout Us Contact Us

CONCEPTS OF SOCIAL PHARMACY (Record no. 56626)

000 -LEADER
fixed length control field nam a22 7a 4500
003 - CONTROL NUMBER IDENTIFIER
control field OSt
005 - DATE AND TIME OF LATEST TRANSACTION
control field 20230520085251.0
008 - FIXED-LENGTH DATA ELEMENTS--GENERAL INFORMATION
fixed length control field 230520b xxu||||| |||| 00| 0 eng d
040 ## - CATALOGING SOURCE
Transcribing agency IIMT UNIVERSITY
100 ## - MAIN ENTRY--PERSONAL NAME
Personal name SHARMA,KOMAL
245 ## - TITLE STATEMENT
Title CONCEPTS OF SOCIAL PHARMACY
300 ## - PHYSICAL DESCRIPTION
Extent 269
942 ## - ADDED ENTRY ELEMENTS (KOHA)
Source of classification or shelving scheme
Koha item type Text-Book- for 7 days
Holdings
Withdrawn status Lost status Source of classification or shelving scheme Damaged status Not for loan Home library Current library Date acquired Source of acquisition Cost, normal purchase price Inventory number Full call number Barcode Date last seen Price effective from Koha item type Total Checkouts
          IIMT University College of Medical Sciences IIMT University College of Medical Sciences 05/20/2023 ARISTA 375.00 HO/IN/18(04/05/2023) 362.178 02-B-13537 05/20/2023 05/20/2023 Reference Book  
          IIMT University College of Medical Sciences IIMT University College of Medical Sciences 05/20/2023 ARISTA 375.00 HO/IN/18(04/05/2023) 362.178 02-B-13538 05/20/2023 05/20/2023 Text-Book- for 7 days  
          IIMT University College of Medical Sciences IIMT University College of Medical Sciences 05/20/2023 ARISTA 375.00 HO/IN/18(04/05/2023) 362.178 02-B-13539 05/20/2023 05/20/2023 Text-Book- for 7 days  
          IIMT University College of Medical Sciences IIMT University College of Medical Sciences 05/20/2023 ARISTA 375.00 HO/IN/18(04/05/2023) 362.178 02-B-13540 05/20/2023 05/20/2023 Text-Book- for 7 days  
          IIMT University College of Medical Sciences IIMT University College of Medical Sciences 05/20/2023 ARISTA 375.00 HO/IN/18(04/05/2023) 362.178 02-B-13541 05/20/2023 05/20/2023 Text-Book- for 7 days  
IIMT, Central Library. All Rights Reserved IIMT,UNIVERSITY © 2023
Implemented and Customised by I CLOUDE EMS
You Are OPAC Visitor No
free web counter

Powered by Koha